000 00293nam a22001337a 4500
008 170508b xxu||||| |||| 00| 0 eng d
020 _a9780024185303
041 _aeng
080 _a342
100 _a14
101 _aSHJ
245 _aPOLICE ADMINISTRATION
_cSWANSON.CH
942 _2udc
_cBK
999 _c12976
_d12976